[Event "Eurasia Cup op"]
[Site "Ekaterinburg"]
[Date "2019.08.05"]
[Round "5"]
[White "Dolgaeva, Evgenia"]
[Black "Shkalev, Anton"]
[Result "1-0"]
[WhiteElo "1909"]
[BlackElo "1689"]
[PlyCount "63"]
[EventDate "2019.07.31"]
[EventType "swiss"]
[EventRounds "9"]
[EventCountry "RUS"]
[SourceTitle "CBM 191 Extra"]
[Source "ChessBase"]
[SourceDate "2019.09.30"]
[SourceVersion "1"]
[SourceVersionDate "2019.09.30"]
[SourceQuality "1"]

1. Nf3 d5 2. g3 Bf5 3. Bg2 e6 4. d3 h6 5. 0-0 Nf6 6. c4 c6 7. Nc3 Be7 8. Qb3 Qb6 9. Qxb6 axb6 10. Be3 Nbd7 11. cxd5 cxd5 12. h3 0-0 13. g4 Bh7 14. Bf4 h5 15. Nd1 Rfe8 16. a3 b5 17. a4 Nc5 18. Be3 Ra5 19. Bxc5 Bxc5 20. b3 Rc8 21. Re1 Raa8 22. Rc1 Bd6 23. Nb2 Re8 24. e3 g5 25. Red1 Re7 26. Kf1 Nd7 27. d4 f5 28. gxf5 Bxf5 29. Nd3 Rf8 30. Nde5 Nxe5 31. dxe5 Bxe5 32. Nxe5 1-0

[Event "Eurasia Cup op"]
[Site "Ekaterinburg"]
[Date "2019.08.02"]
[Round "3"]
[White "Dolgaeva, Evgenia"]
[Black "Kolesov, Gordey"]
[Result "1/2-1/2"]
[WhiteElo "1909"]
[BlackElo "1761"]
[PlyCount "93"]
[EventDate "2019.07.31"]
[EventType "swiss"]
[EventRounds "9"]
[EventCountry "RUS"]
[SourceTitle "CBM 191 Extra"]
[Source "ChessBase"]
[SourceDate "2019.09.30"]
[SourceVersion "1"]
[SourceVersionDate "2019.09.30"]
[SourceQuality "1"]

1. e4 e5 2. Nf3 Nc6 3. Bb5 a6 4. Ba4 Nf6 5. d3 d6 6. c3 g6 7. 0-0 Bg7 8. Re1 0-0 9. Nbd2 b5 10. Bc2 Re8 11. Nf1 Bb7 12. Bg5 h6 13. Be3 Nb8 14. Ng3 Nbd7 15. d4 exd4 16. Bxd4 c5 17. Be3 d5 18. exd5 Nxd5 19. Ne4 Nxe3 20. Rxe3 Qc7 21. Qe2 Re6 22. a4 Rae8 23. axb5 axb5 24. Rd1 Ne5 25. Qxb5 Bxe4 26. Rxe4 Nxf3+ 27. gxf3 Rxe4 28. Bxe4 Rb8 29. Qe2 Be5 30. h3 Qe7 31. Qc2 Qh4 32. Kg2 Qf4 33. Kf1 Qh2 34. Ke2 Qxh3 35. Rd5 Qe6 36. Rd1 Bf4 37. Kf1 Qa6+ 38. Kg2 Qe6 39. Bd5 Qf6 40. b3 h5 41. Qe4 Kg7 42. Bc4 Bd6 43. Qd5 Rd8 44. Re1 h4 45. Rh1 Be7 46. Qe4 Qg5+ 47. Qg4 1/2-1/2

[Event "Eurasia Cup op"]
[Site "Ekaterinburg"]
[Date "2019.08.01"]
[Round "2"]
[White "Kuklin, Ivan Vl"]
[Black "Dolgaeva, Evgenia"]
[Result "1/2-1/2"]
[WhiteElo "1356"]
[BlackElo "1909"]
[PlyCount "51"]
[EventDate "2019.07.31"]
[EventType "swiss"]
[EventRounds "9"]
[EventCountry "RUS"]
[SourceTitle "CBM 191 Extra"]
[Source "ChessBase"]
[SourceDate "2019.09.30"]
[SourceVersion "1"]
[SourceVersionDate "2019.09.30"]
[SourceQuality "1"]

1. d4 Nf6 2. c4 g6 3. Nc3 Bg7 4. e4 d6 5. Nf3 0-0 6. Be2 c5 7. d5 e6 8. Bg5 h6 9. Bh4 exd5 10. exd5 Bg4 11. 0-0 Nbd7 12. Bg3 Ne8 13. Rc1 Bxf3 14. Bxf3 f5 15. h3 Ne5 16. b3 a6 17. Re1 f4 18. Bh2 g5 19. Ne4 Nf6 20. Bg4 Nxe4 21. Rxe4 Qf6 22. Be6+ Kh8 23. f3 b5 24. Rb1 Qd8 25. Qc2 Rb8 26. Ree1 1/2-1/2

[Event "RUS-ch Eurasia Cup op"]
[Site "Ekaterinburg"]
[Date "2018.08.09"]
[Round "8"]
[White "Volkov, Roman"]
[Black "Dolgaeva, Evgenia"]
[Result "0-1"]
[WhiteElo "2123"]
[BlackElo "1917"]
[PlyCount "116"]
[EventDate "2018.08.01"]
[EventType "swiss"]
[EventRounds "9"]
[EventCountry "RUS"]
[SourceTitle "CBM 185 Extra"]
[Source "ChessBase"]
[SourceDate "2018.07.29"]
[SourceVersion "1"]
[SourceVersionDate "2018.07.29"]
[SourceQuality "1"]

1. e4 c5 2. Nf3 Nc6 3. d4 cxd4 4. Nxd4 g6 5. Nc3 Bg7 6. Be3 Nf6 7. Nxc6 bxc6 8. e5 Ng8 9. Bd4 Qa5 10. Bc4 Bxe5 11. 0-0 Nh6 12. Re1 Bxd4 13. Qxd4 0-0 14. Rxe7 Qb6 15. Qf6 d5 16. Bb3 Nf5 17. Re5 Be6 18. Rae1 Qd8 19. Rxe6 fxe6 20. Qxe6+ Kh8 21. Qxc6 d4 22. Nd5 Rc8 23. Qa4 Qg5 24. Rd1 Kg7 25. g3 Qg4 26. c3 Kh6 27. Rd3 Rce8 28. Rd1 Re2 29. Qa3 Rfe8 30. Rf1 Nxg3 31. Nf6 Qf3 32. Bd5 Qxf6 33. hxg3 Rf8 34. cxd4 Kg7 35. Qxa7+ Re7 36. Qc5 Rd8 37. Bg2 Rxd4 38. b4 Rd2 39. a4 Rb2 40. b5 Ree2 41. Bc6 Rec2 42. Qe3 Re2 43. Qa7+ Kh6 44. Kg2 Kg5 45. a5 h5 46. a6 Kh6 47. Qb6 h4 48. a7 hxg3 49. Kxg3 Qg5+ 50. Kh2 Rb4 51. Bg2 Rh4+ 52. Kg1 Ra2 53. Qb8 Kg7 54. a8Q Rxa8 55. Qxa8 Qf4 56. Ra1 Qh2+ 57. Kf1 Qe5 58. Qa7+ Kh8 0-1

[Event "RUS-ch Eurasia Cup op"]
[Site "Ekaterinburg"]
[Date "2018.08.08"]
[Round "7"]
[White "Dolgaeva, Evgenia"]
[Black "Kuzmin, Andrey"]
[Result "1/2-1/2"]
[WhiteElo "1917"]
[BlackElo "1690"]
[PlyCount "84"]
[EventDate "2018.08.01"]
[EventType "swiss"]
[EventRounds "9"]
[EventCountry "RUS"]
[SourceTitle "CBM 185 Extra"]
[Source "ChessBase"]
[SourceDate "2018.07.29"]
[SourceVersion "1"]
[SourceVersionDate "2018.07.29"]
[SourceQuality "1"]

1. e4 e6 2. d3 d5 3. Nd2 c5 4. g3 Nc6 5. Bg2 Nf6 6. Ngf3 g6 7. 0-0 Bg7 8. c3 0-0 9. Re1 a5 10. Qe2 e5 11. Nb3 a4 12. Nxc5 b6 13. exd5 Nxd5 14. Ne4 Ba6 15. Qc2 Qd7 16. a3 f5 17. Ned2 Bb7 18. Nc4 Rfe8 19. Be3 b5 20. Nb6 Nxb6 21. Bxb6 Rac8 22. Qd2 Re6 23. d4 Rd6 24. Bc5 Nxd4 25. Bxd4 exd4 26. Nxd4 Bxg2 27. Kxg2 Bxd4 28. cxd4 Rxd4 29. Qe2 Rd2 30. Qe5 Rcc2 31. Rf1 Rxb2 32. Rad1 Rxd1 33. Qxb2 Qd5+ 34. Kg1 Kf7 35. Rxd1 Qxd1+ 36. Kg2 Qd5+ 37. Kg1 g5 38. Qc3 Kg6 39. Qe3 g4 40. Qe8+ Kg5 41. Qe7+ Kg6 42. Qe8+ Kf6 1/2-1/2

[Event "RUS-ch Eurasia Cup op"]
[Site "Ekaterinburg"]
[Date "2018.08.06"]
[Round "5"]
[White "Dolgaeva, Evgenia"]
[Black "Dovbnia, Nikita"]
[Result "1/2-1/2"]
[WhiteElo "1917"]
[BlackElo "1698"]
[PlyCount "100"]
[EventDate "2018.08.01"]
[EventType "swiss"]
[EventRounds "9"]
[EventCountry "RUS"]
[SourceTitle "CBM 185 Extra"]
[Source "ChessBase"]
[SourceDate "2018.07.29"]
[SourceVersion "1"]
[SourceVersionDate "2018.07.29"]
[SourceQuality "1"]

1. e4 c5 2. Nf3 d6 3. d4 cxd4 4. Nxd4 Nf6 5. Nc3 e6 6. g4 h6 7. h3 a6 8. Bg2 Nbd7 9. a4 Qc7 10. 0-0 g5 11. Re1 Be7 12. Nce2 Ne5 13. Ng3 Bd7 14. b3 0-0-0 15. c4 Kb8 16. Be3 Bc6 17. b4 Bd7 18. b5 a5 19. b6 Qxc4 20. Bf1 Qb4 21. Qe2 d5 22. Reb1 Qc3 23. exd5 exd5 24. Bf4 gxf4 25. Qxe5+ Ka8 26. Qxf4 Ne4 27. Nge2 Qd2 28. Bg2 Qxf4 29. Nxf4 Bc5 30. Rd1 Bc6 31. Rac1 Bxa4 32. Rd3 Bxb6 33. Ra1 Bc6 34. Nfe2 Rhe8 35. Rb3 Ka7 36. Rab1 Bxd4 37. Nxd4 Nd6 38. Ra1 Nc4 39. Bf1 Ka6 40. Rc3 Rc8 41. Nf5 Re6 42. Bxc4+ dxc4 43. Rxc4 b5 44. Rc5 Bb7 45. Rxc8 Bxc8 46. Rc1 Bb7 47. Nd4 Rd6 48. Nf5 Rc6 49. Rd1 a4 50. Rb1 Ka5 1/2-1/2

[Event "Nezhmetdinov Memorial 38th"]
[Site "Kazan"]
[Date "2016.06.03"]
[Round "4"]
[White "Markelova, Lubov"]
[Black "Dolgaeva, Evgenia"]
[Result "1-0"]
[WhiteElo "2059"]
[BlackElo "1879"]
[PlyCount "119"]
[EventDate "2016.05.31"]
[EventType "swiss"]
[EventRounds "9"]
[EventCountry "RUS"]
[SourceTitle "CBM 172 Extra"]
[Source "ChessBase"]
[SourceDate "2016.06.21"]
[SourceVersion "1"]
[SourceVersionDate "2016.06.21"]
[SourceQuality "1"]

1. Nf3 c5 2. c4 Nc6 3. Nc3 e5 4. g3 g6 5. Bg2 Bg7 6. 0-0 Nge7 7. a3 0-0 8. Rb1 d6 9. b4 f5 10. b5 Nd4 11. Ne1 f4 12. e3 Ne6 13. Nd5 Nxd5 14. Bxd5 Kh8 15. Bb2 Ng5 16. exf4 exf4 17. Bxg7+ Kxg7 18. Qb3 Qf6 19. Nf3 fxg3 20. fxg3 Bh3 21. Qc3 Ne6 22. Ng5 Qxc3 23. Nxe6+ Bxe6 24. dxc3 Bxd5 25. cxd5 Rxf1+ 26. Rxf1 Re8 27. Rf4 Re1+ 28. Kf2 Rb1 29. a4 Rd1 30. Re4 Kf7 31. c4 Ra1 32. Re6 Rxa4 33. Rxd6 Ke7 34. Re6+ Kd7 35. Re4 Rb4 36. Kf3 a6 37. bxa6 bxa6 38. Kf4 a5 39. Ke5 Rb6 40. Rf4 Kc7 41. Rf2 a4 42. Ra2 Ra6 43. Ra3 Kd7 44. g4 h6 45. h4 Ke7 46. d6+ Kd7 47. Kd5 Rxd6+ 48. Kxc5 Ra6 49. Kb5 Re6 50. Rxa4 g5 51. h5 Re4 52. c5 Re1 53. Ra7+ Kc8 54. Kc6 Re6+ 55. Kd5 Rf6 56. Re7 Rf4 57. Re4 Rf6 58. Re6 Rf4 59. Kc6 Kd8 60. Rxh6 1-0

[Event "Nezhmetdinov Memorial 38th"]
[Site "Kazan"]
[Date "2016.06.02"]
[Round "3"]
[White "Dolgaeva, Evgenia"]
[Black "Kamalutdinov, Rahim"]
[Result "1-0"]
[WhiteElo "1879"]
[BlackElo "1368"]
[PlyCount "41"]
[EventDate "2016.05.31"]
[EventType "swiss"]
[EventRounds "9"]
[EventCountry "RUS"]
[SourceTitle "CBM 172 Extra"]
[Source "ChessBase"]
[SourceDate "2016.06.21"]
[SourceVersion "1"]
[SourceVersionDate "2016.06.21"]
[SourceQuality "1"]

1. e4 c6 2. Nf3 e6 3. d3 d5 4. Nbd2 Qb6 5. g3 Bc5 6. Qe2 Nf6 7. Bg2 dxe4 8. Nxe4 Nxe4 9. dxe4 0-0 10. 0-0 f5 11. exf5 exf5 12. Qc4+ Kh8 13. Ne5 Bd7 14. Nf7+ Rxf7 15. Qxf7 Qd8 16. Rd1 Qg8 17. Qxg8+ Kxg8 18. Bf4 Be6 19. Rd8+ Kf7 20. Rxb8 Rxb8 21. Bxb8 1-0

[Event "Urals-ch 74th"]
[Site "Khanty-Mansiysk"]
[Date "2016.03.29"]
[Round "7"]
[White "Dolgaeva, Evgenia"]
[Black "Karamov, Stepan"]
[Result "1-0"]
[WhiteElo "1925"]
[BlackElo "1593"]
[PlyCount "47"]
[EventDate "2016.03.23"]
[EventType "swiss"]
[EventRounds "9"]
[EventCountry "RUS"]
[SourceTitle "CBM 171 Extra"]
[Source "ChessBase"]
[SourceDate "2016.04.26"]
[SourceVersion "1"]
[SourceVersionDate "2016.04.26"]
[SourceQuality "1"]

1. e4 c5 2. Nf3 e6 3. d3 Nf6 4. g3 d5 5. Nbd2 Nc6 6. Bg2 Be7 7. 0-0 0-0 8. Re1 Qc7 9. e5 Nd7 10. Qe2 b5 11. Nf1 a5 12. h4 Ba6 13. Bf4 Rfc8 14. c3 Nb6 15. Ne3 b4 16. Ng4 Rab8 17. Ng5 Qd8 18. Bh3 h6 19. Nxh6+ gxh6 20. Nxf7 Bxd3 21. Qxd3 Kxf7 22. Qh7+ Kf8 23. Bxe6 Qc7 24. Qf7# 1-0

[Event "Urals-ch 74th"]
[Site "Khanty-Mansiysk"]
[Date "2016.03.24"]
[Round "2"]
[White "Kharitonov, Egor"]
[Black "Dolgaeva, Evgenia"]
[Result "1-0"]
[WhiteElo "1752"]
[BlackElo "1925"]
[PlyCount "117"]
[EventDate "2016.03.23"]
[EventType "swiss"]
[EventRounds "9"]
[EventCountry "RUS"]
[SourceTitle "CBM 171 Extra"]
[Source "ChessBase"]
[SourceDate "2016.04.26"]
[SourceVersion "1"]
[SourceVersionDate "2016.04.26"]
[SourceQuality "1"]

1. d4 Nf6 2. c4 d6 3. Nc3 e5 4. d5 Nbd7 5. g3 g6 6. Bg2 Bg7 7. e4 a5 8. Nge2 0-0 9. 0-0 Nc5 10. Qc2 Nh5 11. f4 f5 12. fxe5 Bxe5 13. Be3 Qe7 14. exf5 Bxf5 15. Qd2 Rae8 16. Bd4 Nf6 17. Rae1 Qd7 18. Bxe5 Rxe5 19. Nd4 Bg4 20. Rxe5 dxe5 21. Nf3 Qe7 22. Qg5 Bf5 23. Nd2 Nd3 24. Nde4 Bxe4 25. Nxe4 Kg7 26. b3 h6 27. Qe3 Nxe4 28. Bxe4 Rxf1+ 29. Kxf1 Nc5 30. Kg2 b6 31. Kf2 Qf6+ 32. Kg2 Nd7 33. Bc2 Qd6 34. Qd3 Nc5 35. Qc3 Nd7 36. Qd3 Nf8 37. Qe4 Nd7 38. Qd3 Nc5 39. Qc3 Na6 40. h4 Nc5 41. Bb1 Kf7 42. Qe3 Kg7 43. Qf3 Qe7 44. a3 Nd7 45. Qe4 Qf6 46. Qg4 Nc5 47. b4 axb4 48. axb4 Na6 49. Qc8 e4 50. Bxe4 Qe7 51. Qg4 Qd6 52. h5 Nxb4 53. Bxg6 Qe7 54. Be4+ Kf8 55. Qf4+ Kg7 56. Qf5 Qd6 57. Qh7+ Kf8 58. Bg6 Qf6 59. Qxc7 1-0

[Event "Moscow op-B (Women)"]
[Site "Moscow"]
[Date "2016.02.04"]
[Round "6"]
[White "Pogorelskikh, Sofia"]
[Black "Dolgaeva, Evgenia"]
[Result "1/2-1/2"]
[WhiteElo "1628"]
[BlackElo "1944"]
[PlyCount "125"]
[EventDate "2016.01.30"]
[EventType "swiss"]
[EventRounds "9"]
[EventCountry "RUS"]
[SourceTitle "CBM 170 Extra"]
[Source "ChessBase"]
[SourceDate "2016.02.25"]
[SourceVersion "1"]
[SourceVersionDate "2016.02.25"]
[SourceQuality "1"]

1. e4 c5 2. Nf3 Nc6 3. d4 cxd4 4. Nxd4 Qb6 5. Nb3 Nf6 6. Nc3 e6 7. Be3 Qc7 8. f3 a6 9. Qd2 b5 10. 0-0-0 d6 11. Bf4 e5 12. Bg5 Be6 13. Bxf6 gxf6 14. Nd5 Bxd5 15. Qxd5 Rc8 16. c3 h5 17. Kb1 Rd8 18. c4 b4 19. Be2 Be7 20. h4 a5 21. Na1 Nd4 22. Rxd4 exd4 23. Nb3 Rc8 24. Rd1 a4 25. Nxd4 Qc5 26. Nf5 Qxd5 27. cxd5 Rb8 28. Rc1 Kd7 29. Ba6 Rb6 30. Rc6 Rhb8 31. g4 Bf8 32. gxh5 Rxc6 33. dxc6+ Kxc6 34. h6 Bxh6 35. Nxh6 Rh8 36. Nf5 Kc5 37. Bb7 Rg8 38. Bd5 Rg1+ 39. Kc2 Rg2+ 40. Kd3 Rxb2 41. h5 Rf2 42. Nd4 Rf1 43. h6 Rd1+ 44. Ke2 Rh1 45. Nf5 Rh2+ 46. Kd3 Rf2 47. Ke3 Rh2 48. Bxf7 b3 49. axb3 a3 50. b4+ Kxb4 51. Kf4 Kc5 52. Kg3 a2 53. Bxa2 Rxa2 54. Ne3 Ra1 55. Kf4 Rh1 56. Ng4 Rh5 57. Nxf6 Rxh6 58. Kg5 Rh1 59. f4 Re1 60. Kf5 Re2 61. e5 dxe5 62. fxe5 Rxe5+ 63. Kxe5 1/2-1/2

[Event "Moscow op-B (Women)"]
[Site "Moscow"]
[Date "2016.02.03"]
[Round "5"]
[White "Dolgaeva, Evgenia"]
[Black "Nasybullina, Alfia"]
[Result "0-1"]
[WhiteElo "1944"]
[BlackElo "2118"]
[PlyCount "90"]
[EventDate "2016.01.30"]
[EventType "swiss"]
[EventRounds "9"]
[EventCountry "RUS"]
[SourceTitle "CBM 170 Extra"]
[Source "ChessBase"]
[SourceDate "2016.02.25"]
[SourceVersion "1"]
[SourceVersionDate "2016.02.25"]
[SourceQuality "1"]

1. Nf3 d6 2. c4 e5 3. d3 g6 4. g3 Bg7 5. Bg2 Ne7 6. Nc3 0-0 7. 0-0 h6 8. Rb1 f5 9. Qc2 Nd7 10. b4 Nf6 11. Nd2 c6 12. b5 c5 13. Qa4 Kh8 14. Qa3 g5 15. Nf3 Ng6 16. Ne1 g4 17. Bd2 Nh7 18. Nd5 Be6 19. Qc1 h5 20. a4 Rb8 21. a5 h4 22. f4 Bxd5 23. Bxd5 exf4 24. Bxf4 Bd4+ 25. Be3 Be5 26. Bf4 hxg3 27. hxg3 Bxf4 28. gxf4 Nf6 29. Ng2 Nxd5 30. cxd5 Qe7 31. e3 Rbe8 32. Kf2 Kg7 33. Rh1 Rh8 34. Qc3+ Kf7 35. Rbe1 Rh3 36. Rhg1 Nh4 37. Nxh4 Qxh4+ 38. Ke2 Rexe3+ 39. Kd2 Rxe1 40. Rxe1 g3 41. Kc2 g2 42. b6 axb6 43. a6 bxa6 44. Ra1 Qf2+ 45. Kb3 g1R 0-1

[Event "Moscow op-B (Women)"]
[Site "Moscow"]
[Date "2016.02.02"]
[Round "4"]
[White "Popova, Anna"]
[Black "Dolgaeva, Evgenia"]
[Result "0-1"]
[WhiteElo "1987"]
[BlackElo "1944"]
[PlyCount "92"]
[EventDate "2016.01.30"]
[EventType "swiss"]
[EventRounds "9"]
[EventCountry "RUS"]
[SourceTitle "CBM 170 Extra"]
[Source "ChessBase"]
[SourceDate "2016.02.25"]
[SourceVersion "1"]
[SourceVersionDate "2016.02.25"]
[SourceQuality "1"]

1. e4 c5 2. Nf3 Nc6 3. d4 cxd4 4. Nxd4 Qb6 5. Nxc6 bxc6 6. Be2 g6 7. 0-0 Bg7 8. c3 Nf6 9. Nd2 0-0 10. Nc4 Qc7 11. Bg5 Nxe4 12. Bxe7 Re8 13. Bh4 d5 14. Nd2 Qf4 15. Nf3 Rb8 16. Qc2 Bg4 17. Bg3 Nxg3 18. hxg3 Qd6 19. Rfe1 Bf5 20. Qd2 Re7 21. Rac1 c5 22. a3 d4 23. b4 Qf6 24. c4 Qd6 25. b5 Rbe8 26. Bd3 Be6 27. a4 h5 28. Kf1 Qc7 29. Rb1 Qc8 30. Qa5 Bf5 31. Qd2 Bg4 32. Qg5 Re6 33. a5 Bxf3 34. Rxe6 Bxg2+ 35. Kxg2 Rxe6 36. Qd5 Qc7 37. Kh2 Re5 38. Qa8+ Kh7 39. b6 Qe7 40. Qxa7 Qf6 41. Rf1 Qf3 42. Qc7 h4 43. gxh4 Rh5 44. Qe7 Be5+ 45. Qxe5 Rxh4+ 46. Kg1 Rh1# 0-1

[Event "Moscow op-B (Women)"]
[Site "Moscow"]
[Date "2016.01.30"]
[Round "1"]
[White "Dolgaeva, Evgenia"]
[Black "Fedorova, Elizaveta"]
[Result "1-0"]
[WhiteElo "1944"]
[BlackElo "1902"]
[PlyCount "91"]
[EventDate "2016.01.30"]
[EventType "swiss"]
[EventRounds "9"]
[EventCountry "RUS"]
[SourceTitle "CBM 170 Extra"]
[Source "ChessBase"]
[SourceDate "2016.02.25"]
[SourceVersion "1"]
[SourceVersionDate "2016.02.25"]
[SourceQuality "1"]

1. e4 g6 2. d4 Bg7 3. Be3 c5 4. Nc3 Nc6 5. dxc5 Qa5 6. Qd2 Nf6 7. f3 0-0 8. Nge2 Rd8 9. Nc1 d5 10. Nb3 Qc7 11. exd5 Qe5 12. f4 Qh5 13. Be2 Bg4 14. Bxg4 Qxg4 15. Rd1 Nb4 16. d6 exd6 17. cxd6 Re8 18. 0-0 Nxc2 19. Bxa7 Rxa7 20. Qxc2 Nd7 21. Qf2 Ra6 22. h3 Qh5 23. Rd5 f5 24. Re1 Rd8 25. Nc5 Nxc5 26. Qxc5 Qh4 27. Rf1 Rc6 28. Qb4 Rd7 29. Rfd1 Bh6 30. Ne2 Rc2 31. R5d2 Rc6 32. Rd3 Qd8 33. Nc3 Kf7 34. Kh1 Qb6 35. Nb5 Bxf4 36. Qxf4 Qxb5 37. Qh6 Kg8 38. Re3 Rc8 39. Rde1 Rg7 40. Re7 Qxb2 41. d7 Rf8 42. Qxg7+ Qxg7 43. Rxg7+ Kxg7 44. Re8 Rf7 45. d8Q Kh6 46. Rg8 1-0

[Event "Satka Autumn op (Women)"]
[Site "Satka"]
[Date "2015.09.30"]
[Round "9"]
[White "Mukhina, Jana"]
[Black "Dolgaeva, Evgenia"]
[Result "1-0"]
[WhiteElo "1924"]
[BlackElo "1984"]
[PlyCount "109"]
[EventDate "2015.09.22"]
[EventType "swiss"]
[EventRounds "9"]
[EventCountry "RUS"]
[SourceTitle "CBM 168 Extra"]
[Source "ChessBase"]
[SourceDate "2015.10.29"]
[SourceVersion "1"]
[SourceVersionDate "2015.10.29"]
[SourceQuality "1"]

1. e4 c5 2. Nf3 Nc6 3. Bb5 e6 4. 0-0 Nge7 5. d4 cxd4 6. Nxd4 a6 7. Be2 Nxd4 8. Qxd4 Nc6 9. Qc3 Qc7 10. f4 Qb6+ 11. Be3 Qb4 12. Qxb4 Bxb4 13. c4 Be7 14. Nc3 d6 15. Rad1 0-0 16. Bb6 Bd8 17. Na4 e5 18. f5 Be7 19. Bf3 a5 20. Kf2 g6 21. g4 f6 22. Be2 Kf7 23. Rg1 Re8 24. Bf1 Bf8 25. Bc7 Nd4 26. Nb6 Ra7 27. Nd5 Ra6 28. Bb6 Nc6 29. c5 dxc5 30. Bxa6 bxa6 31. Rc1 Bb7 32. Bxc5 Bh6 33. Be3 Bf8 34. Rc4 Kg7 35. Rgc1 Rc8 36. Bb6 Kf7 37. Bxa5 Bh6 38. R1c2 Bg5 39. Bb6 Bh4+ 40. Kf1 a5 41. Kg2 gxf5 42. gxf5 Be1 43. Kf3 a4 44. a3 h5 45. Nb4 Nxb4 46. Rxc8 Nxc2 47. Rc7+ Ke8 48. Rxb7 Bh4 49. Bf2 Bg5 50. Rc7 Na1 51. Be3 Bh4 52. Rc4 Kd7 53. Rxa4 Nc2 54. Rc4 Na1 55. b4 1-0

[Event "Satka Autumn op (Women)"]
[Site "Satka"]
[Date "2015.09.28"]
[Round "7"]
[White "Simakova, Elena"]
[Black "Dolgaeva, Evgenia"]
[Result "0-1"]
[WhiteElo "1761"]
[BlackElo "1984"]
[PlyCount "100"]
[EventDate "2015.09.22"]
[EventType "swiss"]
[EventRounds "9"]
[EventCountry "RUS"]
[SourceTitle "CBM 168 Extra"]
[Source "ChessBase"]
[SourceDate "2015.10.29"]
[SourceVersion "1"]
[SourceVersionDate "2015.10.29"]
[SourceQuality "1"]

1. e4 c5 2. Nc3 Nc6 3. g3 g6 4. Bg2 Bg7 5. d3 d6 6. Be3 e6 7. Nge2 Nge7 8. Qd2 Nd4 9. h3 0-0 10. 0-0 Rb8 11. a4 a6 12. Nf4 Nec6 13. b3 Qa5 14. Rac1 b5 15. g4 Ne5 16. f3 Nexf3+ 17. Bxf3 Nxf3+ 18. Rxf3 Qxc3 19. Qxc3 Bxc3 20. Ne2 Bg7 21. axb5 axb5 22. c3 Bb7 23. Ng3 Ra8 24. d4 cxd4 25. Bxd4 e5 26. Bf2 d5 27. Bc5 Rfc8 28. b4 dxe4 29. Rf2 Ra3 30. Re2 Bf8 31. Bxf8 Kxf8 32. Nxe4 Bxe4 33. Rxe4 Rcxc3 34. Rxc3 Rxc3 35. Rxe5 Rxh3 36. Kg2 Rb3 37. Rxb5 Kg7 38. g5 h6 39. gxh6+ Kxh6 40. Rb8 f5 41. b5 Kg5 42. b6 Kg4 43. b7 Rb2+ 44. Kf1 g5 45. Ke1 f4 46. Kf1 Kf3 47. Ke1 g4 48. Rc8 Rxb7 49. Rc3+ Kg2 50. Rc4 Re7+ 0-1

[Event "Satka Autumn op (Women)"]
[Site "Satka"]
[Date "2015.09.27"]
[Round "6"]
[White "Dolgaeva, Evgenia"]
[Black "Buldakova, Irina"]
[Result "1-0"]
[WhiteElo "1984"]
[BlackElo "1766"]
[PlyCount "73"]
[EventDate "2015.09.22"]
[EventType "swiss"]
[EventRounds "9"]
[EventCountry "RUS"]
[SourceTitle "CBM 168 Extra"]
[Source "ChessBase"]
[SourceDate "2015.10.29"]
[SourceVersion "1"]
[SourceVersionDate "2015.10.29"]
[SourceQuality "1"]

1. e4 c5 2. Nf3 e6 3. d4 cxd4 4. Nxd4 Nf6 5. Nc3 d6 6. g4 h6 7. Bg2 a6 8. h3 Qc7 9. 0-0 Nc6 10. Nde2 b5 11. a3 Bb7 12. Be3 Ne5 13. b3 Rd8 14. f4 Nc6 15. Qe1 Be7 16. Qf2 Nd7 17. Rad1 f6 18. f5 e5 19. Nd5 Qc8 20. Qh4 Na5 21. Qh5+ Kf8 22. Nec3 Bc6 23. Qg6 Rg8 24. Bxh6 gxh6 25. Qxh6+ Kf7 26. Qh5+ Kf8 27. Qh7 Re8 28. Qh6+ Kf7 29. Qh5+ Kf8 30. h4 Bxd5 31. Nxd5 Qc5+ 32. Kh1 Qc6 33. g5 fxg5 34. f6 Bxf6 35. Nxf6 Nxf6 36. Rxf6+ Ke7 37. Qf7+ 1-0

[Event "Satka Autumn op (Women)"]
[Site "Satka"]
[Date "2015.09.24"]
[Round "3"]
[White "Baraeva, Marina"]
[Black "Dolgaeva, Evgenia"]
[Result "1-0"]
[WhiteElo "2189"]
[BlackElo "1984"]
[PlyCount "79"]
[EventDate "2015.09.22"]
[EventType "swiss"]
[EventRounds "9"]
[EventCountry "RUS"]
[SourceTitle "CBM 168 Extra"]
[Source "ChessBase"]
[SourceDate "2015.10.29"]
[SourceVersion "1"]
[SourceVersionDate "2015.10.29"]
[SourceQuality "1"]

1. d4 Nf6 2. c4 c5 3. Nf3 g6 4. Nc3 Bg7 5. e4 cxd4 6. Nxd4 d6 7. Be2 Nc6 8. Be3 0-0 9. f3 Nxd4 10. Bxd4 Be6 11. 0-0 a6 12. Rc1 Rc8 13. b3 Qa5 14. Qd3 Nd7 15. Bxg7 Kxg7 16. f4 f6 17. Rc2 Nb8 18. Nd5 Nc6 19. Rb2 Qc5+ 20. Kh1 a5 21. h4 Kf7 22. h5 Rg8 23. Bd1 Qd4 24. Qxd4 Nxd4 25. Rd2 Bxd5 26. cxd5 Nb5 27. Bg4 gxh5 28. Be6+ Kg7 29. Bxg8 Kxg8 30. a4 Na7 31. Rf3 Kg7 32. Rh3 Rc1+ 33. Kh2 Nc8 34. Rdd3 Nb6 35. Rxh5 Nd7 36. Rg3+ Kh8 37. Rh4 b6 38. Rhg4 Rc8 39. Rg7 Re8 40. Rf7 1-0

[Event "Satka Autumn op (Women)"]
[Site "Satka"]
[Date "2014.09.27"]
[Round "7"]
[White "Kalinina, Natalia"]
[Black "Dolgaeva, Evgenia"]
[Result "0-1"]
[WhiteElo "1637"]
[BlackElo "1873"]
[PlyCount "80"]
[EventDate "2014.09.21"]
[EventType "swiss"]
[EventRounds "9"]
[EventCountry "RUS"]
[SourceTitle "CBM 162 Extra"]
[Source "ChessBase"]
[SourceDate "2014.10.17"]
[SourceVersion "1"]
[SourceVersionDate "2014.10.17"]
[SourceQuality "1"]

1. e4 c5 2. Nf3 Nc6 3. d4 cxd4 4. Nxd4 g6 5. c4 d6 6. Nc3 Nf6 7. Nxc6 bxc6 8. Qc2 Bg7 9. Be2 0-0 10. 0-0 Be6 11. Rb1 a5 12. b3 Rc8 13. Qd2 Qb6 14. Bb2 Rfd8 15. Bf3 Qa6 16. Rfd1 Nd7 17. Na4 Bxb2 18. Qxb2 Rb8 19. Qc3 Qa7 20. Kf1 f5 21. Rbc1 Ne5 22. Qd4 c5 23. Qe3 Rf8 24. h3 Rf6 25. Nc3 Rbf8 26. Rd2 Qd7 27. Nd5 Bxd5 28. exd5 Kg7 29. Qc3 f4 30. Be4 f3 31. Rb2 Kg8 32. Re1 fxg2+ 33. Kxg2 Rf4 34. Rbe2 Qe8 35. Rf1 Qf7 36. f3 Qf6 37. Ref2 Qg5+ 38. Kh2 Qh4 39. Rg2 Rxe4 40. Rfg1 Nxf3+ 0-1

[Event "Satka Autumn op (Women)"]
[Site "Satka"]
[Date "2014.09.26"]
[Round "6"]
[White "Dolgaeva, Evgenia"]
[Black "Muksimova, Oksana"]
[Result "1-0"]
[WhiteElo "1873"]
[BlackElo "1806"]
[PlyCount "63"]
[EventDate "2014.09.21"]
[EventType "swiss"]
[EventRounds "9"]
[EventCountry "RUS"]
[SourceTitle "CBM 162 Extra"]
[Source "ChessBase"]
[SourceDate "2014.10.17"]
[SourceVersion "1"]
[SourceVersionDate "2014.10.17"]
[SourceQuality "1"]

1. e4 e5 2. Nf3 Nc6 3. Nc3 Nf6 4. Be2 g6 5. d4 exd4 6. Nxd4 d6 7. Be3 Bg7 8. f3 Be6 9. Qd2 a6 10. 0-0-0 Nxd4 11. Bxd4 b5 12. g4 b4 13. Nd5 Bxd5 14. exd5 0-0 15. h4 Nd7 16. Bxg7 Kxg7 17. h5 g5 18. h6+ Kh8 19. Rh5 Rg8 20. f4 gxf4 21. Qxf4 Ne5 22. Rf1 Qe7 23. Rf5 Rg6 24. Qe3 Re8 25. g5 Qd7 26. Bh5 Rgg8 27. Qf4 Ng6 28. Qxb4 Ne5 29. Bxf7 Nxf7 30. Rxf7 Qd8 31. R1f5 Rxg5 32. Qd4+ 1-0